UFC Fighers Nicknames - Statistics

General Stats
  • This quiz has been taken 53 times
  • The average score is 9 of 16
Answer Stats
Hint Answer % Correct
"The Notorious" Conor McGregor
98%
"Suga" Sean O'malley
86%
"The Eagle" Khabib Nurmagomedov
84%
"El Cucuy" Tony Ferguson
81%
"Borz" Khamzat Chimaev
77%
"Cowboy" Donald Cerrone
74%
"Rocky" Leon Edwards
65%
"Chito" Marlon Vera
63%
"The Reaper" Robert Whittaker
53%
"Thug Nasty" Bryce Mitchell
49%
"Ruthless" Robbie Lawler
49%
"Tarzan" Sean Strickland
37%
"Trailblazer" Kevin Holland
30%
"Chaos" Colby Covington
28%
"Cigano" Junior Dos Santos
23%
"Red King" Rory MacDonald
19%
No matching quizzes found
Score Distribution
Percent of People with Each Score
Percentile by Number Answered
Your Score History
You have not taken this quiz